| 000 | 00831cab a22001935a 4500 | ||
|---|---|---|---|
| 001 | L147630 | ||
| 008 | 090601e20090522xxkd f 000 0 eng d | ||
| 035 | _a(Sirsi) u147630 | ||
| 041 | 0 | _aeng | |
| 100 | 1 | _aWatson, Stuart | |
| 245 | 0 | 0 |
_aSpecial report _bsheds |
| 260 | _c2009 | ||
| 490 | 0 |
_aProperty Week _v75(21) 22 May 2009, 55-65(6) |
|
| 520 | _aInvestigates the green shoots appearing in the sheds investment market and follows the fortunes of four shed sector personalities facing the challenges of and opportunities for new ventures in a downturn. Presents research from Savills showing the market for 100 000 sq ft plus sheds altering in favour of occupiers. Tables. Chart. | ||
| 590 | _aKA | ||
| 651 | 4 |
_aEngland and Wales _y1543- |
|
| 690 | _aPROPERTY-INDUSTRIAL PROPERTY-WAREHOUSE PROPERTY-WAREHOUSES | ||
| 942 | _n0 | ||
| 999 |
_c81590 _d81590 |
||